000 00312nam a22001337a 4500
008 170923b xxu||||| |||| 00| 0 eng d
020 _a9780071490733
041 _aeng
080 _a37
100 _a46
101 _aEDU
245 _aPERFECT PHRASES FOR BUILDING STRONG TEAMS
_cDIAMOND, L.E
942 _2udc
_cBK
999 _c29300
_d29300